000 00999nam a2200277 i 4500
001 bg
100 1 _aBrelsford, Harry.
245 1 0 _aSBS 2000 :
_bnajlepsze rozwiązania Small Business Server /
_cHarry Brelsford ; przekł. z jęz. ang. Zbigniew Szalbot, Jarosław Jurgielewicz, Lech S. Borkowski.
246 _iTyt. oryg.:
_aSmall Busisness Server 2000 best practice
260 _aWarszawa :
_b"Mikom",
_c2004.
300 _a752 s. :
_bil., fot., rys. ;
_c24 cm.
500 _aTyt. oryg.: ["Small Busisness Server 2000 best practice"] 2002.
504 _aIndeks.
650 9 _aSmall Business Server
700 1 _aSzalbot, Zbigniew.
_eTł.
700 1 _aJurgielewicz, Jarosław.
_eTł.
700 1 _aBorkowski, Lech S.
_eTł.
020 _a8372793875
040 _cBPK
041 1 _apol
_heng
080 _a004.42
920 _a83-7279-387-5
942 _cKS
008 s pl f |000 0 pol
999 _c45425
_d45425
856 _uhttp://koha.tu.koszalin.pl/cgi-bin/koha/opac-detail.pl?biblionumber=45425
_yKatalog online BPK